[Event "Introduction"]
[Site "?"]
[Date "1978.??.??"]
[Round "?"]
[White "Nicklich, W."]
[Black "Junge, K."]
[Result "0-1"]
[WhiteElo "2370"]
[BlackElo "2560"]
[PlyCount "50"]
[EventDate "1978.??.??"]
[SourceDate "2009.01.01"]

1. b4 e5 2. Bb2 Bxb4 3. Bxe5 Nf6 4. c4 O-O 5. e3 d5 6. cxd5 Nxd5 7. Nf3 Re8 8.
Bb2 Nc6 9. Be2 Rxe3 10. fxe3 Nxe3 11. Qb3 Qe7 12. Kf2 Ng4+ 13. Kf1 Be6 14. Qa4
Re8 15. Nc3 Bd5 16. Qb5 Bxc3 17. Bxc3 a6 18. Qd3 Be4 19. Bb4 Nxb4 20. Qa3 Bd3
21. Bxd3 Qc5 22. Bxh7+ Kxh7 23. d4 Qc2 24. Ng5+ Kg6 25. Qg3 Qc4+ 0-1

[Event "Chapter 2"]
[Site "?"]
[Date "2005.??.??"]
[Round "9"]
[White "Mieles Palau, D."]
[Black "Santos Flores, A."]
[Result "1-0"]
[WhiteElo "2475"]
[BlackElo "2340"]
[PlyCount "55"]
[EventDate "1965.??.??"]
[SourceDate "2009.01.01"]

1. e4 e6 2. d4 d5 3. Nd2 c5 4. exd5 Qxd5 5. Ngf3 cxd4 6. Bc4 Qd6 7. O-O Nf6 8.
Re1 Nc6 9. Ne4 Nxe4 10. Rxe4 Bd7 11. Nxd4 e5 12. Bg5 Nxd4 13. Rxd4 exd4 14. Qh5
g6 15. Re1+ Be7 16. Qf3 Be6 17. Rxe6 fxe6 18. Bb5+ Kd8 19. Qxb7 Rc8 20. Bd2 Bf6
21. Bb4 Qc7 22. Ba5 Be5 23. Bxc7+ Rxc7 24. Qe4 Rc5 25. a4 a5 26. f4 Bg7 27.
Qxe6 Rc7 28. Qd6+ 1-0

[Event "Chapter 3"]
[Site "?"]
[Date "2002.??.??"]
[Round "2"]
[White "Van Wely, L."]
[Black "Timman, J."]
[Result "0-1"]
[WhiteElo "2695"]
[BlackElo "2605"]
[PlyCount "60"]
[EventDate "1996.??.??"]
[SourceDate "2009.01.01"]

1. d4 Nf6 2. c4 e6 3. g3 c5 4. d5 exd5 5. cxd5 d6 6. Nc3 g6 7. Bg2 Bg7 8. Nf3
O-O 9. O-O a6 10. a4 Re8 11. Nd2 Nbd7 12. h3 Rb8 13. Nc4 Ne5 14. Na3 Nh5 15. e4
Rf8 16. Kh2 f5 17. f4 b5 18. axb5 axb5 19. fxe5 Nxg3 20. Rf3 Bxe5 21. Naxb5 Qh4
22. exf5 Bxf5 23. Ra4 Be4 24. Rxf8+ Rxf8 25. Kg1 Ne2+ 26. Qxe2 Qg3 27. Bf4 Qxf4
28. Bxe4 Qg3+ 29. Kh1 Rf1+ 30. Qxf1 Qh2# 0-1

[Event "Chapter 4"]
[Site "?"]
[Date "2006.??.??"]
[Round "3"]
[White "Wippermann, T."]
[Black "Weiss, A."]
[Result "1-0"]
[WhiteElo "2445"]
[BlackElo "2205"]
[PlyCount "65"]
[EventDate "2001.??.??"]
[SourceDate "2009.01.01"]

1. e4 c5 2. Nf3 e6 3. b3 d6 4. Bb2 Nf6 5. e5 dxe5 6. Nxe5 Be7 7. Bd3 Nbd7 8. f4
O-O 9. O-O Re8 10. Na3 Bf8 11. Qf3 g6 12. Nac4 Nb6 13. Nxb6 Qxb6 14. Bc4 Bg7
15. f5 Rf8 16. fxg6 hxg6 17. Qxf6 Bxf6 18. Rxf6 Qd8 19. Raf1 b5 20. Bxb5 a6 21.
Bd3 Ra7 22. Nxg6 fxg6 23. Rxg6+ Kh7 24. Rxe6+ Kg8 25. Rg6+ Kh7 26. Rg7+ Kh6 27.
Rxf8 Qxf8 28. Rxa7 Qf4 29. Rh7+ Kg5 30. h4+ Kg4 31. Rg7+ Kh5 32. Rg5+ Kxh4 33.
g3+ 1-0

[Event "Chapter 4"]
[Site "?"]
[Date "1940.??.??"]
[Round "?"]
[White "Euwe, M."]
[Black "Keres, P."]
[Result "0-1"]
[WhiteElo "2600"]
[BlackElo "2620"]
[PlyCount "72"]
[EventDate "2001.??.??"]
[SourceDate "2009.01.01"]

1. d4 Nf6 2. c4 e6 3. Nf3 b6 4. g3 Bb7 5. Bg2 Be7 6. O-O O-O 7. Nc3 Ne4 8. Qc2
Nxc3 9. Qxc3 d6 10. Qc2 f5 11. Ne1 Qc8 12. e4 Nd7 13. d5 fxe4 14. Qxe4 Nc5 15.
Qe2 Bf6 16. Bh3 Re8 17. Be3 Qd8 18. Bxc5 exd5 19. Be6+ Kh8 20. Rd1 dxc5 21. Ng2
d4 22. f4 d3 23. Rxd3 Qxd3 24. Qxd3 Bd4+ 25. Rf2 Rxe6 26. Kf1 Rae8 27. f5 Re5
28. f6 gxf6 29. Rd2 Bc8 30. Nf4 Re3 31. Qb1 Rf3+ 32. Kg2 Rxf4 33. gxf4 Rg8+ 34.
Kf3 Bg4+ 35. Ke4 Re8+ 36. Kd5 Bf3+ 0-1

[Event "Chapter 4"]
[Site "?"]
[Date "1991.??.??"]
[Round "10"]
[White "Petersen, P."]
[Black "Aagaard, J."]
[Result "0-1"]
[WhiteElo "2205"]
[BlackElo "2400"]
[PlyCount "68"]
[EventDate "2001.??.??"]
[SourceDate "2009.01.01"]

1. e4 c5 2. Nc3 Nc6 3. Nge2 g6 4. g3 Bg7 5. Bg2 e6 6. d3 Nge7 7. Be3 d6 8. d4
cxd4 9. Nxd4 a6 10. O-O O-O 11. Nde2 Qc7 12. Qc1 Rd8 13. Na4 Qa5 14. Nec3 Nd4
15. Qd2 Nec6 16. b4 Qc7 17. Rab1 b5 18. Nb2 Nxc2 19. Nd5 exd5 20. Qxc2 dxe4 21.
Bxe4 d5 22. Bg2 Bf5 23. Nd3 Rac8 24. Qb3 Nd4 25. Bxd4 Bxd4 26. Rbc1 Qc4 27.
Rxc4 dxc4 28. Qa3 Bxd3 29. Re1 Re8 30. Rd1 Re2 31. Qxa6 Rce8 32. Bd5 Rxf2 33.
Kh1 Ree2 34. Bxf7+ Kg7 0-1

[Event "Chapter 5"]
[Site "?"]
[Date "1982.??.??"]
[Round "?"]
[White "Goldin, A."]
[Black "Efimov, I."]
[Result "1-0"]
[WhiteElo "2570"]
[BlackElo "2530"]
[PlyCount "63"]
[EventDate "1997.??.??"]
[SourceDate "2009.01.01"]

1. d4 Nf6 2. c4 e6 3. Nf3 b6 4. a3 Bb7 5. Nc3 d5 6. cxd5 Nxd5 7. e3 Be7 8. Bb5+
c6 9. Bd3 O-O 10. O-O Nxc3 11. bxc3 c5 12. e4 Nc6 13. d5 exd5 14. exd5 Na5 15.
c4 b5 16. Qc2 Nxc4 17. Bxh7+ Kh8 18. Qf5 Bc8 19. Qh5 Bg4 20. Qxg4 Kxh7 21. Re1
Bf6 22. Bg5 Kg8 23. a4 Nd6 24. axb5 Nxb5 25. Ra6 Bxg5 26. Nxg5 Qxd5 27. Rh6 Qd3
28. Nh7 f5 29. Qg6 Qd2 30. Qe6+ Rf7 31. Qe8+ Rf8 32. Nf6+ 1-0

[Event "Chapter 5"]
[Site "?"]
[Date "2006.??.??"]
[Round "7"]
[White "Neverov, V."]
[Black "Bratanov, Z."]
[Result "1-0"]
[WhiteElo "2555"]
[BlackElo "2420"]
[PlyCount "53"]
[EventDate "1997.??.??"]
[SourceDate "2009.01.01"]

1. d4 Nf6 2. c4 e6 3. Nf3 d5 4. Nc3 dxc4 5. e3 c5 6. Bxc4 a6 7. a4 Nc6 8. O-O
Be7 9. b3 cxd4 10. exd4 Nd5 11. Bb2 O-O 12. Rc1 Nxc3 13. Rxc3 Bf6 14. Re3 b6
15. g4 Bb7 16. g5 Be7 17. d5 exd5 18. Bxd5 Bc5 19. Re4 Qd7 20. Rh4 Rfd8 21. Qc2
Qxd5 22. Qxh7+ Kf8 23. Re1 Ne5 24. Rxe5 Qxe5 25. Bxe5 Bxf3 26. Qxg7+ Ke8 27.
Rh8+ 1-0

[Event "Chapter 7"]
[Site "?"]
[Date "2006.??.??"]
[Round "4"]
[White "Edouard, R."]
[Black "Chirila, I."]
[Result "1/2-1/2"]
[WhiteElo "2400"]
[BlackElo "2290"]
[PlyCount "96"]
[EventDate "2005.??.??"]
[SourceDate "2009.01.01"]

1. e4 c5 2. Nf3 Nc6 3. d4 cxd4 4. Nxd4 Qb6 5. Nb3 Nf6 6. Nc3 e6 7. Bd3 a6 8.
O-O d6 9. Be3 Qc7 10. f4 b5 11. Qe2 Be7 12. Rae1 O-O 13. g4 Nd7 14. g5 Re8 15.
Rf3 Bf8 16. Rh3 g6 17. Qf2 Nb4 18. Qh4 h5 19. gxh6 Kh7 20. Nd2 Be7 21. Qg3 Nc5
22. Rf1 Nbxd3 23. cxd3 Rg8 24. d4 Nd3 25. e5 d5 26. Nd1 Bd7 27. Nf3 Rgf8 28.
Ng5+ Kh8 29. Bd2 Nb4 30. Bxb4 Bxb4 31. a3 Be7 32. Qc3 Qb6 33. Qd2 b4 34. Nf2
Rac8 35. axb4 Rc4 36. Rd1 Rxb4 37. Qd3 Rxb2 38. Nxf7+ Rxf7 39. Qxg6 Rh7 40. Kh1
Qd8 41. Rg1 Rb8 42. Qg7+ Rxg7 43. hxg7+ Kg8 44. Ng4 Bg5 45. Rh8+ Kxg7 46. Rxd8
Bxd8 47. Nf6+ Kf7 48. Nxd7 Rb4 1/2-1/2

[Event "Chapter 8"]
[Site "?"]
[Date "2006.??.??"]
[Round "4"]
[White "Vovk, Y."]
[Black "Esen, B."]
[Result "1-0"]
[WhiteElo "2440"]
[BlackElo "2460"]
[PlyCount "61"]
[EventDate "1999.??.??"]
[SourceDate "2009.01.01"]

1. e4 e6 2. d4 d5 3. Nc3 Nf6 4. e5 Nfd7 5. f4 c5 6. Nf3 Nc6 7. Be3 a6 8. Qd2 b5
9. a3 cxd4 10. Nxd4 Nxd4 11. Bxd4 Nb8 12. Qf2 Bd7 13. Bd3 Nc6 14. Bb6 Qc8 15.
Bxb5 axb5 16. Nxb5 Bb4+ 17. axb4 Rxa1+ 18. Kd2 Rxh1 19. Nd6+ Ke7 20. Qc5 Qf8
21. Nb5+ Ke8 22. Nc7+ Kd8 23. Nxe6+ Ke8 24. Nxf8 Rxf8 25. b5 Nd4 26. Qc7 Ne6
27. Qb8+ Ke7 28. Qd6+ Ke8 29. f5 Rf1 30. fxe6 fxe6 31. Bc5 1-0

[Event "Chapter 8"]
[Site "?"]
[Date "2006.??.??"]
[Round "8"]
[White "Yaremko, N."]
[Black "Recuero Guerra, D."]
[Result "0-1"]
[WhiteElo "2320"]
[BlackElo "2395"]
[PlyCount "46"]
[EventDate "1999.??.??"]
[SourceDate "2009.01.01"]

1. e4 c5 2. Nf3 Nc6 3. d4 cxd4 4. Nxd4 Nf6 5. Nc3 d6 6. f3 Nxd4 7. Qxd4 g6 8.
Be3 Bg7 9. O-O-O O-O 10. Qd2 Be6 11. g4 Rc8 12. Kb1 Rxc3 13. Qxc3 Nd5 14. Qa3
Nxe3 15. Qxe3 Qa5 16. a3 Rc8 17. Be2 Qa4 18. Rd2 Rc3 19. Qg1 b5 20. Qc1 b4 21.
bxc3 bxa3 22. Rd3 Qb4+ 23. cxb4 a2# 0-1

[Event "Chapter 9"]
[Site "?"]
[Date "1996.??.??"]
[Round "6"]
[White "Aagaard, J."]
[Black "Almasi, I."]
[Result "1-0"]
[WhiteElo "2400"]
[BlackElo "2425"]
[PlyCount "45"]
[EventDate "2006.??.??"]
[SourceDate "2009.01.01"]

1. e4 e6 2. d4 d5 3. Nd2 c5 4. exd5 Qxd5 5. Ngf3 cxd4 6. Bc4 Qd6 7. O-O Nf6 8.
Nb3 Nc6 9. Nbxd4 Nxd4 10. Nxd4 Be7 11. c3 O-O 12. Qf3 Qc7 13. Bb3 Bd7 14. Bg5
Rad8 15. Rfe1 Rfe8 16. Bf4 Qb6 17. Re2 a6 18. Rae1 Kh8 19. Be5 Rf8 20. Bc2 Kg8
21. Qh3 g6 {Diagram} 22. Re3 h5 23. Qh4 1-0

[Event "Chapter 9"]
[Site "?"]
[Date "2006.??.??"]
[Round "6"]
[White "Bojkov, D."]
[Black "Yasim, H."]
[Result "1-0"]
[WhiteElo "2445"]
[BlackElo "2215"]
[PlyCount "47"]
[EventDate "2006.??.??"]
[SourceDate "2009.01.01"]

1. e4 e6 2. d4 d5 3. Nc3 Bb4 4. Nge2 dxe4 5. a3 Be7 6. Nxe4 Nf6 7. N2g3 Nbd7 8.
Bd3 c5 9. dxc5 Nxc5 10. Nxc5 Bxc5 11. O-O Bd7 12. Nh5 Nxh5 13. Qxh5 Qb6 14. Bf4
Bc6 {Diagram} 15. Rae1 g6 16. Bxg6 fxg6 17. Rxe6+ Kf7 18. Qe5 Rhe8 19. Qf6+ Kg8
20. Be5 Bf8 21. Qh8+ Kf7 22. Rf6+ Ke7 23. Qxh7+ Kd8 24. Rd1+ 1-0

[Event "Chapter 9"]
[Site "?"]
[Date "2005.??.??"]
[Round "3"]
[White "Czakon, J."]
[Black "Luch, M."]
[Result "0-1"]
[WhiteElo "2425"]
[BlackElo "2380"]
[PlyCount "54"]
[EventDate "2006.??.??"]
[SourceDate "2009.01.01"]

1. Nf3 Nf6 2. c4 c5 3. Nc3 Nc6 4. g3 d5 5. cxd5 Nxd5 6. Bg2 Nc7 7. d3 e5 8. O-O
Be7 9. Nd2 O-O 10. Nc4 f6 11. Bxc6 bxc6 12. Be3 Bh3 13. Re1 Nd5 14. Rc1 Rb8 15.
Na4 Nxe3 16. Nxe3 f5 17. Qc2 f4 18. Nd1 Rf6 19. Nxc5 Rh6 20. Ne4 Qe8 21. Qa4
Qh5 22. Qxa7 Bc8 23. h4 {Diagram} Bxh4 24. Rxc6 Bf6 25. Rxc8+ Rxc8 26. Kg2 f3+
27. exf3 Qh3+ 0-1

[Event "Chapter 9"]
[Site "?"]
[Date "2005.??.??"]
[Round "5"]
[White "Herbold, M."]
[Black "Gourlay, I."]
[Result "1-0"]
[WhiteElo "2175"]
[BlackElo "2360"]
[PlyCount "55"]
[EventDate "2006.??.??"]
[SourceDate "2009.01.01"]

1. d4 Nf6 2. c4 c5 3. Nf3 cxd4 4. Nxd4 a6 5. Nc3 e6 6. Nc2 Qc7 7. e4 b6 8. Bd3
Bb7 9. O-O d6 10. Qd2 Nbd7 11. b3 Be7 12. Bb2 O-O 13. Rae1 Rfe8 14. Ne3 Rad8
15. Bb1 Qb8 16. Qe2 Nc5 17. Ng4 Nxg4 18. Qxg4 Bf6 19. f4 Bd4+ 20. Kh1 Nxe4 {
Diagram} 21. Nxe4 Bxb2 22. Ng5 g6 23. Qh3 h5 24. Bxg6 fxg6 25. Rxe6 Rd7 26.
Rfe1 Rf8 27. Rxg6+ Rg7 28. Qe6+ 1-0

[Event "Chapter 9"]
[Site "?"]
[Date "2006.??.??"]
[Round "?"]
[White "Vescovi, G."]
[Black "Karpov, A."]
[Result "1-0"]
[WhiteElo "2590"]
[BlackElo "2665"]
[PlyCount "59"]
[EventDate "2006.??.??"]
[SourceDate "2009.01.01"]

1. e4 c6 2. d4 d5 3. Nc3 dxe4 4. Nxe4 Bf5 5. Ng3 Bg6 6. h4 h6 7. Nf3 Nd7 8. h5
Bh7 9. Bd3 Bxd3 10. Qxd3 e6 11. Bf4 Qa5+ 12. Bd2 Bb4 13. c3 Be7 14. c4 Qc7 15.
O-O-O Ngf6 16. Kb1 O-O 17. Rde1 Rfd8 18. Qc2 Bd6 19. Ne2 c5 20. g4 cxd4 21.
Nexd4 Bf4 {Diagram} 22. g5 hxg5 23. h6 Nf8 24. hxg7 Kxg7 25. Bc3 g4 26. Reg1 e5
27. Ne2 Qxc4 28. Nxf4 Qxf4 29. Nxe5 Ng6 30. Rxg4 1-0

[Event "Chapter 9"]
[Site "?"]
[Date "2001.??.??"]
[Round "8"]
[White "Golubev, M."]
[Black "Vajda, L."]
[Result "1-0"]
[WhiteElo "2530"]
[BlackElo "2485"]
[PlyCount "31"]
[EventDate "2006.??.??"]
[SourceDate "2009.01.01"]

1. e4 d6 2. d4 Nf6 3. Nc3 g6 4. Be3 Bg7 5. f3 Nbd7 6. Qd2 e5 7. Nge2 c6 8.
O-O-O a6 9. dxe5 dxe5 10. g4 Qc7 11. Ng3 Nf8 12. g5 N6d7 {Diagram} 13. Nf5 gxf5
14. exf5 f6 15. Ne4 b5 16. Rg1 1-0

[Event "Chapter 9"]
[Site "?"]
[Date "1990.??.??"]
[Round "?"]
[White "Arnason, J."]
[Black "Nunn, J."]
[Result "1-0"]
[WhiteElo "2500"]
[BlackElo "2595"]
[PlyCount "53"]
[EventDate "2006.??.??"]
[SourceDate "2009.01.01"]

1. e4 e5 2. Nf3 Nc6 3. Bb5 a6 4. Ba4 Nf6 5. O-O Be7 6. Re1 b5 7. Bb3 O-O 8. a4
Bb7 9. d3 d6 10. Nc3 Na5 11. Ba2 b4 12. Ne2 c5 13. c3 bxc3 14. bxc3 c4 15. Ng3
Nd7 16. Ba3 Re8 17. Nf5 Qc7 {Diagram} 18. Nd2 cxd3 19. Qh5 g6 20. Bxf7+ Kxf7
21. Qxh7+ Kf6 22. Re3 Nf8 23. Qh8+ Kf7 24. Rf3 gxf5 25. Qh5+ Ng6 26. Qxf5+ Kg7
27. Rg3 1-0

[Event "Chapter 9"]
[Site "?"]
[Date "2001.??.??"]
[Round "?"]
[White "Shulman, Y."]
[Black "Young, A."]
[Result "1-0"]
[WhiteElo "2540"]
[BlackElo "2420"]
[PlyCount "55"]
[EventDate "2006.??.??"]
[SourceDate "2009.01.01"]

1. d4 d5 2. c4 c6 3. Nf3 e6 4. Nc3 Nf6 5. e3 a6 6. Qc2 dxc4 7. Bxc4 Nbd7 8. e4
c5 9. d5 exd5 10. Bxd5 Nxd5 11. Nxd5 Nb6 12. O-O Nxd5 13. exd5 Qxd5 14. Re1+
Be6 {Diagram} 15. Bg5 Bd6 16. Rad1 Qc6 17. Qd2 Bc7 18. Ne5 Qb5 19. Nxf7 O-O 20.
Nh6+ gxh6 21. Rxe6 Qc4 22. Rxh6 Be5 23. Rh4 Qxa2 24. Bh6 Rfe8 25. Qd7 Kh8 26.
Re4 Qxb2 27. Bg7+ Kg8 28. Bxe5 1-0

[Event "Chapter 9"]
[Site "?"]
[Date "2006.??.??"]
[Round "1"]
[White "Tseshkovsky, V."]
[Black "Manelis, V."]
[Result "1-0"]
[WhiteElo "2570"]
[BlackElo "2325"]
[PlyCount "49"]
[EventDate "2006.??.??"]
[SourceDate "2009.01.01"]

1. e4 e6 2. d4 d5 3. Nc3 Nf6 4. Bg5 dxe4 5. Nxe4 Be7 6. Bxf6 Bxf6 7. Nf3 Nd7 8.
Qd2 O-O 9. O-O-O b6 10. Bd3 Bb7 11. Qe2 Be7 12. Ne5 Nf6 13. Ng5 h6 14. h4 Qd6
15. c3 c5 {Diagram} 16. Qc2 hxg5 17. hxg5 Ne4 18. Bxe4 Bxg5+ 19. Kb1 Bxe4 20.
Qxe4 f5 21. Qe2 Bf6 22. Ng6 cxd4 23. Rh8+ Kf7 24. Qh5 Rxh8 25. Nxh8+ 1-0

[Event "Chapter 9"]
[Site "?"]
[Date "1937.??.??"]
[Round "4"]
[White "Alekhine, A."]
[Black "Mikenas, V."]
[Result "0-1"]
[WhiteElo "2690"]
[BlackElo "2405"]
[PlyCount "128"]
[EventDate "2006.??.??"]
[SourceDate "2009.01.01"]

1. d4 Nf6 2. c4 g6 3. g3 Bg7 4. Bg2 d5 5. cxd5 Nxd5 6. Nf3 O-O 7. O-O c5 8. e4
Nf6 9. e5 Nd5 10. dxc5 Na6 11. a3 Nxc5 12. b4 Ne6 13. Bb2 a5 14. b5 Qd7 15. Qe2
Rd8 16. Nbd2 {Diagram} Nef4 17. Qc4 Nxg2 18. Kxg2 Qh3+ 19. Kh1 Be6 20. Qe4 Bf5
21. Qe2 Qg4 22. Rfe1 Rac8 23. Ne4 Bxe4 24. Qxe4 Qxe4 25. Rxe4 Rc2 26. Bd4 Rc4
27. Re2 g5 28. h3 h5 29. Bb2 g4 30. hxg4 hxg4 31. Nd4 e6 32. Re4 Nc3 33. Bxc3
Rxc3 34. Rxg4 Kf8 35. Re4 Rd5 36. Ne2 Rc2 37. f4 Rdd2 38. Re1 Ke8 39. a4 Bf8
40. Kg2 Bb4 41. Kh3 Ra2 42. Kg4 Rdb2 43. Rc1 Rxe2 44. Rc8+ Ke7 45. Rec4 f5+ 46.
exf6+ Kxf6 47. R4c7 e5 48. Rxb7 exf4 49. gxf4 Rg2+ 50. Kf3 Rgf2+ 51. Ke4 Rae2+
52. Kd3 Re6 53. Rc6 Rf3+ 54. Kd4 Rxf4+ 55. Kd5 Rf5+ 56. Kd4 Rxc6 57. bxc6 Ke6
58. Rb5 Rxb5 59. axb5 Kd6 60. Kc4 Kc7 61. Kb3 Kb6 62. Kc4 Bd6 63. Kd5 Bb8 64.
Kc4 Bc7 0-1

[Event "Chapter 9"]
[Site "?"]
[Date "2007.??.??"]
[Round "8"]
[White "Hebden, M."]
[Black "Daly, C."]
[Result "1-0"]
[WhiteElo "2515"]
[BlackElo "2350"]
[PlyCount "39"]
[EventDate "2006.??.??"]
[SourceDate "2009.01.01"]

1. d4 Nf6 2. Nf3 g6 3. Nc3 d5 4. Bf4 Bg7 5. Qd2 O-O 6. Bh6 Bxh6 7. Qxh6 c5 8.
dxc5 Qa5 9. O-O-O Rd8 10. Ng5 d4 {Diagram} 11. e4 dxc3 12. Bc4 Nc6 13. Bxf7+
Kh8 14. Bb3 Ne5 15. f4 Bg4 16. fxe5 Rxd1+ 17. Rxd1 cxb2+ 18. Kxb2 Qxc5 19. exf6
Qe5+ 20. c3 1-0

[Event "Chapter 9"]
[Site "?"]
[Date "2006.??.??"]
[Round "4"]
[White "Hansen, S."]
[Black "Aagaard, J."]
[Result "1/2-1/2"]
[WhiteElo "2555"]
[BlackElo "2445"]
[PlyCount "93"]
[EventDate "2006.??.??"]
[SourceDate "2009.01.01"]

1. e4 c5 2. Nf3 d6 3. d4 cxd4 4. Nxd4 Nf6 5. Nc3 a6 6. Be2 e6 7. O-O Be7 8. f4
Qc7 9. Bf3 Nc6 10. Kh1 O-O 11. a4 Rd8 12. Nb3 b6 13. Qe2 Bb7 14. e5 dxe5 15.
fxe5 Nd7 16. Bf4 Rab8 17. Rae1 Nc5 18. Nxc5 bxc5 19. Be4 Nd4 20. Qg4 Bc8 {
Diagram} 21. Qh3 g6 22. Rf2 Rb4 23. Kg1 Nf5 24. g4 Bh4 25. Bg3 Bxg3 26. hxg3
Qxe5 27. gxf5 exf5 28. Qh4 Rd7 29. Rfe2 fxe4 30. Nxe4 Kg7 31. c3 g5 32. Nxg5
Rxh4 33. Rxe5 Rg4 34. Ne4 Bb7 35. Kf2 Bxe4 36. R1xe4 Rd2+ 37. Kf3 Rxe4 38. Kxe4
c4 39. Rc5 Rxb2 40. Rxc4 Rg2 41. Kf3 Ra2 42. Kf4 f6 43. Kf5 h5 44. Rc7+ Kh6 45.
Kxf6 Rxa4 46. Rc8 Kh7 47. Rc7+ 1/2-1/2

[Event "Chapter 9"]
[Site "?"]
[Date "2008.??.??"]
[Round "7"]
[White "Tajik, S."]
[Black "Coelho, T."]
[Result "1-0"]
[WhiteElo "1990"]
[BlackElo "1795"]
[PlyCount "43"]
[EventDate "2006.??.??"]
[SourceDate "2009.01.01"]

1. e4 e6 2. d4 d5 3. Nc3 dxe4 4. Nxe4 Nd7 5. Bd3 Be7 6. Nf3 Ngf6 7. Qe2 c5 8.
c3 b6 9. Bf4 O-O 10. O-O-O cxd4 11. Nxd4 Bb7 12. Nxf6+ Bxf6 {Diagram} 13. Nxe6
fxe6 14. Qxe6+ Kh8 15. Qh3 h6 16. Bxh6 Kg8 17. Bc4+ Rf7 18. Bxf7+ Kf8 19. Rxd7
Bg5+ 20. Kb1 Be4+ 21. Ka1 Qf6 22. Bxg5 1-0